| 000 | 01170cam a2200277 i 4500 | ||
|---|---|---|---|
| 003 | SA-RiAUC | ||
| 005 | 20260413135243.0 | ||
| 008 | 260406s1998 su f 000r0dara c | ||
| 020 | _a9960349276 | ||
| 040 |
_aSA-JeALM _bara _cSA-RiAUC _erda |
||
| 043 | _aa-su--- | ||
| 082 | 0 | 4 |
_a370.953124 _qSA-RiAUC |
| 090 |
_aر 370.953124 _bم س ا |
||
| 100 | 1 |
_aمساوى، منصور محمد . _eمؤلف. |
|
| 245 | 1 | 2 |
_aالسيد محسن بن علي بن عبدالرحمن المساوى _bنسبه - نشأته - أهم أعماله _cمنصور محمد مساوى |
| 264 | 1 |
_aمكة المكرمة : _bجامعة أم القرى . _c2000 |
|
| 300 |
_a33 ورقة ؛ _c28 سم. |
||
| 336 |
_aنص _btxt _2rdacontent _3كتاب |
||
| 337 |
_aبدون وسيط _bn _2rdamedia |
||
| 338 |
_aمجلد _bnc _2rdacarrier |
||
| 500 | _aاهداء من المؤلف منصور مساوى الى الشيخ رحمه الله بتاريخ 10 / 9 / 1999 م. | ||
| 650 | 7 |
_aالتعليم _xتاريخ _zالسعودية _zمكة المكرمة _2aucsh |
|
| 650 | 7 |
_aالتربويون _vتراجم _2aucsh |
|
| 942 |
_2ddc _cTHESES _n0 |
||
| 949 |
_aSA-JeALM _d260406 _uosman123 _n1 |
||
| 999 |
_c14768 _d14768 |
||